000 00652nam a22002177a 4500
001 30023
003 BD-RjUL
005 20211209051511.0
008 140408t19561953enka|||| |||| 001 0 eng d
035 _a(BD-RjUL)30108
040 _aBD-RjUL
_beng
_cBD-RjUL
_dBD-RjUL
041 _aeng
082 0 4 _219
_a301.018
_bLID 1956
100 1 _a Lindquist, E.F.
_991329
245 1 _aDesign and Analysis of Experiments in psychology and education /
_cby E.F. Lindquist
260 _aBoston :
_bHoughton mifflin com.,
_c1956.
300 _axix, 393p. :
_billus. ;
_c23cm.
504 _aInclude index
650 0 _aExperimental design.
_991330
942 _2ddc
_cBK
999 _c30023
_d30023